| 000 | 00838nam a2200253Ia 4500 | ||
|---|---|---|---|
| 003 | OSt | ||
| 005 | 20221005105808.0 | ||
| 006 | a|||||r|||| 00| 0 | ||
| 007 | ta | ||
| 008 | 221004b |||||||| |||| 00| 0 hin d | ||
| 020 |
_a9788171381937 (hbk) _c300 |
||
| 024 | _a101988 | ||
| 037 |
_b371, 04/03/2010, Swaraj Prakashan _cTextual |
||
| 040 |
_aCRL _cCRL _bhin |
||
| 041 |
_2hin _ahin |
||
| 082 | _aO152,6N46x, P9 | ||
| 100 | _aबिष्ट, पंकज | ||
| 245 | 0 | _aशब्दों का घर | |
| 246 | _aShabdoan kā ghara | ||
| 260 |
_aनई दिल्ली _bसामयिक प्रकाशन भारत _c2009 |
||
| 300 |
_a207पृ0 _ccm. |
||
| 942 |
_hO152,6N46x, P9 _cTEXL _2cc |
||
| 999 |
_c1016927 _d1016927 |
||